00422nam a22001217a 4500082001800000100002500018245007800043300001600121526003700137942001200174999001900186952009500205 a625.7bHEAcD aDowling J W F943605 aExamples of the use of terrestriaal photogrammetry in highway engineering a7P.:bill.; a0b0c0d625_700000000000000_HEA 2ddccBK c547404d547404 00102ddc4070aMCEbMCEd2014-07-14l0o625.7 HEApMCE-42464r2014-07-14w2014-07-14yBK